000
00442nam a2200157Ia 4500
008
100122s9999 xx 000 0 und d
082
_b
65984
_a
616.46
100
_a
नगर्सेकर सुरेश
245
_a
डायबिटीस
250
_a
1
260
_b
मनोरमा प्रकाशन
_c
2004
300
_a
255
630
_a
डायबिटीस
730
_a
डायबिटीस
942
_c
BOOK
999
_c
438756
_d
438753